Tiempo de trabajo

Bibliographic Details
Other Authors: Aparicio Tovar, Joaqun̕, Lp̤ez Ganda̕, Juan
Format: Book
Language:Spanish
Published: Albacete : Bomarzo, 2007
Subjects:
Online Access:Acceso restringido

MARC

LEADER 00000nam a2200000 a 4500
005 2011091502552.0
008 080616s2007 sp |||||| 000 ||spa|c
020 |a 9788496721371 
035 |a 5745 
040 |d vLex 
090 |c 2473  |d 2473 
245 0 0 |a Tiempo de trabajo   |h [Recurso electrn̤ico] /  |c Joaqun̕ Aparicio Tovar, Juan Lp̤ez Ganda̕ (coord.) 
256 |a Servicio en ln̕ea. 
260 |a Albacete :  |b Bomarzo,  |c 2007 
300 |a 292 p.;  |c 24 cm 
506 1 |a Contenido solo disponible en los productos indicados  |d vLex Global  |d vLex Global (Academic Edition, excluding Law Schools)  |d vLex Global (U.S. Academic Edition, Law Schools)  |d vLex Global (U.S. Academic Edition, excluding Law Schools)  |d vLex Global (Academic Edition, Law Schools) 
650 0 4 |a Jornada de trabajo 
650 0 4 |a Tiempo de trabajo  |z Espaą 
700 1 |a Aparicio Tovar, Joaqun̕ 
700 1 |a Lp̤ez Ganda̕, Juan 
740 0 |a vLex Libros (Servicio en ln̕ea) 
856 4 0 |u http://vlex.com/source/tiempo-trabajo-5745  |z Acceso restringido 
942 |c BOOK